Trinquer en 20 langues - Statistiques

Statistiques générales
  • Ce quiz a été pris 62 fois
  • Le résultat moyen est 7 sur 20
Statistiques - réponses
Hint Réponse % Correct
Cheers Anglais
88%
Prost / Zum wohl Allemand
68%
Salud Espagnol
60%
Salute / Cin cin Italien
54%
Budem zdorovi / Na zdorovie Russe
54%
Kanpai Japonais
50%
Na zdrowié Polonais
46%
L'chaim Hébreu
42%
Saude Portugais
38%
Gan bei Mandarin
36%
Skal Norvégien
34%
Noroc / Sanatate Roumain
24%
Ziveli Serbie
22%
Serete Turc
20%
Cok dee Thaïlandais
18%
I sveitaka Lituanien
16%
Do / Vo Vietnamien
16%
Kippis Finnois
12%
Yamas Grec
10%
Prosit Letton
10%
Aucun quiz correspondant
Distribution des résultats
% des personnes avec chaque résultat
Percentile par nombre de réponses
Votre historique - résultats
Vous n’avez pas pris ce quiz